| Tag |
First Indicator |
Second Indicator |
Subfields |
| LEADER |
00000cam a2200000Mi 4500 |
| 001 |
in00003562821 |
| 006 |
m o d |
| 007 |
cr mnu---uuaaa |
| 008 |
130109s1998 ne o 000 0 eng |
| 005 |
20260421181246.4 |
| 020 |
|
|
|a 9789401149983 (electronic bk.)
|
| 020 |
|
|
|a 9401149984 (electronic bk.)
|
| 020 |
|
|
|z 9789401060981
|
| 020 |
|
|
|z 9401060983
|
| 020 |
|
|
|z 9401149984
|
| 035 |
|
|
|a (OCoLC)851393960
|
| 040 |
|
|
|a AU@
|b eng
|c AU@
|d GW5XE
|d UtOrBLW
|
| 049 |
|
|
|a TXAM
|
| 050 |
|
4 |
|a P215-240
|
| 072 |
|
7 |
|a CFH
|2 bicssc
|
| 072 |
|
7 |
|a LAN011000
|2 bisacsh
|
| 082 |
0 |
4 |
|a 414
|2 23
|
| 100 |
1 |
|
|a Booij, G. E.
|
| 245 |
1 |
0 |
|a Yearbook of Morphology 1997 /
|c edited by Geert Booij, Jaap Marle.
|
| 264 |
|
1 |
|a Dordrecht :
|b Springer Netherlands,
|c 1998.
|
| 300 |
|
|
|a 1 online resource (vi, 309 pages)
|
| 336 |
|
|
|a text
|b txt
|2 rdacontent
|
| 337 |
|
|
|a computer
|b c
|2 rdamedia
|
| 338 |
|
|
|a online resource
|b cr
|2 rdacarrier
|
| 490 |
1 |
|
|a Yearbook of Morphology,
|x 0922-3495
|
| 520 |
|
|
|a Interest in morphology has revived in recent years and the Yearbook of Morphology has provided great support for this revival, with its articles on topics that are central to the current theoretical debates. The Yearbook of Morphology 1997 focuses on the relationship between morphology and other modules of the grammar, especially phonology, syntax and semantics. Among the basic questions discussed are: how does morphology differ from other modules of the grammar, syntax in particular? What are the possible forms of interaction between the modules? How does semantics constrain formal variation in morphology? The evidence adduced is derived from a variety of languages. Audience: Theoretical, descriptive and historical linguists, morphologists, phonologists, and psycholinguists.
|
| 500 |
|
|
|a Electronic resource.
|
| 650 |
|
0 |
|a Linguistics.
|
| 650 |
|
0 |
|a Grammar, Comparative and general
|x Phonology.
|
| 650 |
|
0 |
|a Psycholinguistics.
|
| 650 |
|
0 |
|a Semantics.
|
| 650 |
|
0 |
|a Grammar, Comparative and general
|x Syntax.
|
| 655 |
|
7 |
|a Electronic books.
|2 local
|
| 650 |
|
0 |
|a Phonetics.
|
| 700 |
1 |
|
|a Marle, Jaap.
|
| 710 |
2 |
|
|a SpringerLink (Online service)
|
| 776 |
1 |
8 |
|i Print version:
|z 9789401060981
|
| 830 |
|
0 |
|a Yearbook of Morphology.
|
| 856 |
4 |
0 |
|u http://proxy.library.tamu.edu/login?url=https://link.springer.com/10.1007/978-94-011-4998-3
|z Connect to the full text of this electronic book
|t 0
|
| 994 |
|
|
|a 92
|b TXA
|
| 999 |
|
|
|a MARS
|
| 999 |
f |
f |
|s 4495fd44-0075-3411-a633-d057b2033447
|i 765ec391-0141-3f14-80b0-b69cddcd2fee
|t 0
|
| 952 |
f |
f |
|a Texas A&M University
|b College Station
|c Electronic Resources
|s www_evans
|d Available Online
|t 0
|e P215-240
|h Library of Congress classification
|
| 998 |
f |
f |
|a P215-240
|t 0
|l Available Online
|